| 000 | 00555nam a2200181Ia 4500 | ||
|---|---|---|---|
| 003 | IN-BaIIA | ||
| 008 | 211028s9999 xx 000 0 eng d | ||
| 040 | _cIIA Library | ||
| 080 |
_a047.1:539.1 _bPRO-2 |
||
| 245 | 0 |
_aProgress in nuclear physics _bvol. 2 _cedited by O. R Frisch |
|
| 260 |
_aLondon _bPergamon Press _c1952 |
||
| 300 | _aviii, 295p. | ||
| 650 |
_aHigh energy interactions _92779 |
||
| 650 | _aNASA Thesaurus | ||
| 650 |
_aNuclear research _92780 |
||
| 700 |
_aFrisch, O. R., ed. _92781 |
||
| 942 | _cBK | ||
| 999 |
_c1341 _d1341 |
||